Příběh potupného sloupu /

Main Author: Manzoni, Alessandro, 1785-1873
Other Authors: Hartmanová, Alena, 1925-2006
Language: Czech
Published: Praha : Academia, 2001
Edition: Vyd. 1.
Physical Description: 145 s. ; 18 cm
Book
Saved in:
LEADER 01093nam a2200325 a 4500
001 000576987
003 CZ BrMZK
005 20120418165732.0
007 ta
008 011105s2001 xr g j cze d
015 |a cnb001032261 
020 |a 80-200-0885-3 
035 |a (OCoLC)51191665 
040 |a BOA001  |b cze 
041 1 |a cze  |h ita 
072 7 |a 821.131.1-3  |x Italská próza  |2 Konspekt  |9 25 
080 |a 821.131.1-32  |2 MRF 
080 |a (0:82-32)  |2 MRF 
100 1 |a Manzoni, Alessandro,  |d 1785-1873  |7 jn19990005379  |4 aut 
245 1 0 |a Příběh potupného sloupu /  |c Alessandro Manzoni ; z italského originálu přeložila Alena Hartmanová 
250 |a Vyd. 1. 
260 |a Praha :  |b Academia,  |c 2001 
300 |a 145 s. ;  |c 18 cm 
655 7 |a italské příběhy  |7 fd183393  |2 czenas 
655 9 |a Italian stories  |2 eczenas 
700 1 |a Hartmanová, Alena,  |d 1925-2006  |7 jk01040068  |4 trl 
765 0 |t Storia della colonna infame 
910 |a BOA001  |b 1-1093.019 
990 |a BK 
996 6 |b 2610146605  |c 1-1093.019  |l MZK  |r Sklad / do 1 hodiny  |n 16  |p p.v.  |w 000576987  |u 000010  |a 1  |e BOA001  |j MZK50  |s P